000 00443nam a2200169 4500
001 121316
003 ES-MaACL
005 20230906191731.0
007 t|
008 070214s1980 sp r ||||1| cat d
100 1 _aPla, Joan.
_992473
245 1 0 _aNo fiqueu llorers sobre el meu nom /
_cJoan Pla.
250 _a1ยช ed.
260 _aValencia :
_bPrometeo,
_c1980.
300 _a148 p. ;
_c18 cm.
852 _aES-MaACL
_jA-10937
_bR.100487
999 _c121316
_d121316